00587nam a2200205 i 4500001001100000003000500011005001700016008004100033020001800074040002500092082001200117100002800129245003900157264003600196300004600232336002100278337002500299338002300324650003400347C2-0322085PPAK20180728121112.0130429s2008 nyua|||| ||||| | eng d a9780545060394 aPPAKbengcPPAKerda04a8232231 aRiordan, Rick, eauthor14aThe Maze of bones : bThe 39 clues 1aNew York : bSholastic , c2008 a[220 pages] : billustrations ; c20 cm + 2rdacontentatext 2rdamediaaunmediated 2rdacarrieravolume10aTreasure hunt (Game) Fiction.